| 000 | 00665nam a2200205 i 4500 | ||
|---|---|---|---|
| 001 | bg | ||
| 100 | 1 | _aSUSKA, Anna | |
| 245 | 1 | 0 |
_aVat 2003 : _bkomentarz do zmian, ustawa, najnowsze rozporządzenia / _cAnna Suska. |
| 260 |
_aWarszawa : _bWydaw. AD. Drągowski, _c2003. |
||
| 300 |
_a176 s. ; _c23 cm. |
||
| 650 | 9 |
_aPodatek od towarów i usług _xprawo _zPolska _ystan na 2003 r. |
|
| 020 | _a8387924792 | ||
| 040 | _cBPK | ||
| 041 | 0 | _apol | |
| 080 | _a336.221.24:336.226.322](438) | ||
| 920 | _a83-87924-79-2 | ||
| 942 | _cKS | ||
| 008 | s pl f |000 0 pol | ||
| 999 |
_c42993 _d42993 |
||
| 856 |
_uhttp://koha.tu.koszalin.pl/cgi-bin/koha/opac-detail.pl?biblionumber=42993 _yKatalog online BPK |
||